[Event "FICGS W-ch st1 g05 email"]
[Site "FICGS email"]
[Date "2021.07.11"]
[Round "1"]
[White "Laduke, Matt"]
[Black "Cleto, Dirceu Jr"]
[Result "1/2-1/2"]
[WhiteElo "1941"]
[BlackElo "2093"]
[PlyCount "34"]
[EventDate "2021.??.??"]
[EventType "tourn (corr)"]
[EventRounds "8"]
[SourceTitle "Corr 2022"]
[Source "ChessBase"]
[SourceDate "2021.10.24"]
[SourceVersion "1"]
[SourceVersionDate "2021.10.24"]
[SourceQuality "1"]

1. e4 c5 2. Nc3 d6 3. d4 cxd4 4. Qxd4 Nc6 5. Qd2 e6 6. b3 d5 7. exd5 exd5 8. Nxd5 Nf6 9. Ne3 Qc7 10. Bd3 Qe5 11. c3 Bg4 12. h3 Bh5 13. Ne2 Bxe2 14. Bxe2 Bb4 15. cxb4 Qxa1 16. 0-0 Qd4 17. Nf5 Qxd2 1/2-1/2

[Event "FICGS W-ch st1 g05 email"]
[Site "FICGS email"]
[Date "2021.07.11"]
[Round "2"]
[White "Sorcinelli, Andrea"]
[Black "Cleto, Dirceu Jr"]
[Result "1/2-1/2"]
[WhiteElo "1867"]
[BlackElo "2093"]
[PlyCount "55"]
[EventDate "2021.??.??"]
[EventType "tourn (corr)"]
[EventRounds "8"]
[SourceTitle "Corr 2022"]
[Source "ChessBase"]
[SourceDate "2021.10.24"]
[SourceVersion "1"]
[SourceVersionDate "2021.10.24"]
[SourceQuality "1"]

1. e4 c5 2. Nf3 d6 3. d4 cxd4 4. Nxd4 Nf6 5. Nc3 Nc6 6. Bg5 e6 7. Qd2 a6 8. 0-0-0 Bd7 9. Kb1 Be7 10. Nxc6 Bxc6 11. f3 h6 12. Be3 d5 13. e5 Nd7 14. f4 Qa5 15. Qf2 0-0 16. Bd3 Rac8 17. Qg3 Qc7 18. Rhe1 Rfe8 19. a3 Bf8 20. Qh3 Nc5 21. Bxc5 Bxc5 22. f5 exf5 23. Bxf5 Rcd8 24. e6 Kh8 25. exf7 Qxf7 26. Bd3 Qf6 27. Rxe8+ Rxe8 28. Rf1 1/2-1/2

[Event "FICGS class C 000339 email"]
[Site "FICGS email"]
[Date "2021.04.01"]
[Round "1"]
[White "Cleto, Dirceu Jr"]
[Black "Bertrand, Francis"]
[Result "1-0"]
[WhiteElo "2021"]
[BlackElo "1800"]
[PlyCount "85"]
[EventDate "2021.??.??"]
[EventType "tourn (corr)"]
[EventRounds "1"]
[SourceTitle "Corr 2022"]
[Source "ChessBase"]
[SourceDate "2021.10.24"]
[SourceVersion "1"]
[SourceVersionDate "2021.10.24"]
[SourceQuality "1"]

1. d4 Nf6 2. Bg5 c5 3. d5 Qb6 4. Nc3 Qxb2 5. Bd2 Qb6 6. e4 d6 7. f4 e5 8. f5 Be7 9. g4 h6 10. Rb1 Qd8 11. h4 a6 12. a4 Nbd7 13. Qf3 Ng8 14. Kd1 Bxh4 15. Qg2 Bg5 16. Nf3 Bxd2 17. Nxd2 Qa5 18. Nc4 Qxc3 19. Rh3 Qd4+ 20. Kc1 b5 21. axb5 axb5 22. Nxd6+ Kf8 23. c4 Ngf6 24. Rd3 Qxd3 25. Bxd3 b4 26. Nb5 Ne8 27. Kb2 Ra4 28. Bc2 Ra5 29. d6 Nef6 30. Nc7 Bb7 31. Ra1 Rxa1 32. Kxa1 Bc6 33. Qg1 b3 34. Bxb3 Kg8 35. Na6 Nxe4 36. Qh1 Ndf6 37. Bc2 Bb7 38. Bxe4 Bxa6 39. Bd5 e4 40. Qg1 Nxd5 41. cxd5 Be2 42. d7 Rh7 43. d8Q# 1-0

[Event "FICGS rapid A 000268 email"]
[Site "FICGS email"]
[Date "2021.04.01"]
[Round "1"]
[White "Cleto, Dirceu Jr"]
[Black "Maron, Paul"]
[Result "1-0"]
[WhiteElo "2021"]
[BlackElo "2067"]
[PlyCount "73"]
[EventDate "2021.??.??"]
[EventType "tourn (rapid)"]
[EventRounds "6"]
[SourceTitle "Corr 2022"]
[Source "ChessBase"]
[SourceDate "2021.10.24"]
[SourceVersion "1"]
[SourceVersionDate "2021.10.24"]
[SourceQuality "1"]

1. e4 e6 2. d4 d5 3. Nc3 Nf6 4. e5 Nfd7 5. f4 c5 6. Nf3 Nc6 7. Be3 a6 8. Qd2 b5 9. dxc5 Bxc5 10. Bd3 Qb6 11. Bf2 Bxf2+ 12. Qxf2 Qxf2+ 13. Kxf2 0-0 14. a3 f6 15. exf6 Rxf6 16. g3 Nde5 17. Nxe5 Nxe5 18. Rhf1 g5 19. Ke3 Ng4+ 20. Kd4 gxf4 21. gxf4 Nxh2 22. Rh1 Rxf4+ 23. Kc5 Nf3 24. Rxh7 Ne5 25. Rg1+ Rg4 26. Rxg4+ Nxg4 27. Kd6 Nf2 28. Re7 Kf8 29. Bg6 Ng4 30. Rf7+ Kg8 31. b3 Kh8 32. Re7 Kg8 33. Ne2 a5 34. Nd4 Ra6+ 35. Nc6 Ne5 36. Kxe5 Rxc6 37. Bd3 1-0

[Event "FICGS rapid A 000265 email"]
[Site "FICGS email"]
[Date "2021.01.23"]
[Round "1"]
[White "Cleto, Dirceu Jr"]
[Black "Maron, Paul"]
[Result "0-1"]
[WhiteElo "2062"]
[BlackElo "2014"]
[PlyCount "26"]
[EventDate "2021.??.??"]
[EventType "tourn (rapid)"]
[EventRounds "6"]
[SourceTitle "Corr 2022"]
[Source "ChessBase"]
[SourceDate "2021.10.24"]
[SourceVersion "1"]
[SourceVersionDate "2021.10.24"]
[SourceQuality "1"]

1. e4 e6 2. d4 d5 3. e5 c5 4. c3 Nc6 5. Nf3 Nge7 6. Na3 cxd4 7. cxd4 Nf5 8. Nc2 Bd7 9. Bd3 Qb6 10. 0-0 a5 11. g4 Nfxd4 12. Ncxd4 Nxd4 13. Nxd4 Qxd4 0-1

[Event "FICGS W-ch st1 g01 email"]
[Site "FICGS email"]
[Date "2020.11.05"]
[Round "1"]
[White "Cleto, Dirceu Jr"]
[Black "Kuliy, Oleksandr"]
[Result "1/2-1/2"]
[WhiteElo "2092"]
[BlackElo "2073"]
[PlyCount "67"]
[EventDate "2020.??.??"]
[EventType "tourn (corr)"]
[EventRounds "8"]
[SourceTitle "Corr 2022"]
[Source "ChessBase"]
[SourceDate "2021.10.24"]
[SourceVersion "1"]
[SourceVersionDate "2021.10.24"]
[SourceQuality "1"]

1. d4 d5 2. c4 e6 3. Nf3 Nf6 4. Nc3 Be7 5. Bf4 0-0 6. e3 b6 7. Bd3 Bb7 8. cxd5 exd5 9. 0-0 c5 10. Ne5 Nc6 11. Qf3 Qc8 12. Bg5 cxd4 13. Nxc6 Bxc6 14. exd4 Re8 15. Rae1 h6 16. Bh4 Qd7 17. Bf5 Qb7 18. Bd3 Qd7 19. Bf5 Qb7 20. Re5 Bd8 21. Rd1 b5 22. Ne2 Ne4 23. Bxd8 Raxd8 24. h3 Bd7 25. Bxe4 dxe4 26. Qe3 b4 27. Ng3 Qa6 28. Nh5 Ba4 29. Rxe8+ Rxe8 30. b3 Bd7 31. Rc1 Qd6 32. Rc5 Bc6 33. Nf4 Bb7 34. d5 1/2-1/2

[Event "FICGS W-ch st1 g01 email"]
[Site "FICGS email"]
[Date "2020.11.05"]
[Round "1"]
[White "Cleto, Dirceu Jr"]
[Black "Toutaoui, Khaled"]
[Result "1-0"]
[WhiteElo "2092"]
[BlackElo "1586"]
[PlyCount "55"]
[EventDate "2020.??.??"]
[EventType "tourn (corr)"]
[EventRounds "8"]
[SourceTitle "Corr 2022"]
[Source "ChessBase"]
[SourceDate "2021.10.24"]
[SourceVersion "1"]
[SourceVersionDate "2021.10.24"]
[SourceQuality "1"]

1. d4 d5 2. c4 c6 3. Nf3 Nf6 4. Nc3 e6 5. Bg5 Be7 6. e3 Nbd7 7. cxd5 cxd5 8. Rc1 0-0 9. Bd3 a6 10. 0-0 b5 11. a4 b4 12. Nb1 a5 13. Qe2 Nb6 14. Ne5 Bb7 15. Nd2 Nxa4 16. Nb3 Rc8 17. Ra1 Nb6 18. Nxa5 Ba8 19. Bb5 Qc7 20. Ba6 Rcd8 21. Rfc1 Qd6 22. Bf4 Nc4 23. Nec6 Qd7 24. Nxd8 Qxd8 25. Nxc4 dxc4 26. Qxc4 Bd5 27. Qb5 Ne4 28. Rc8 1-0

[Event "FICGS class A 000239 email"]
[Site "FICGS email"]
[Date "2020.10.21"]
[Round "1"]
[White "Borisovs, Leonids"]
[Black "Cleto, Dirceu Jr"]
[Result "1-0"]
[WhiteElo "2042"]
[BlackElo "2104"]
[PlyCount "77"]
[EventDate "2020.??.??"]
[EventType "tourn (corr)"]
[EventRounds "6"]
[SourceTitle "Corr 2022"]
[Source "ChessBase"]
[SourceDate "2021.10.24"]
[SourceVersion "1"]
[SourceVersionDate "2021.10.24"]
[SourceQuality "1"]

1. d4 Nf6 2. c4 g6 3. Nf3 Bg7 4. g3 0-0 5. Bg2 d6 6. 0-0 Nbd7 7. Nc3 e5 8. e4 c6 9. h3 Qb6 10. Re1 exd4 11. Nxd4 Re8 12. Nc2 Qa5 13. Bd2 Qc7 14. Rc1 Nh5 15. Ne3 Nc5 16. Qc2 a5 17. b3 Nf6 18. Ned1 Be6 19. Nb2 Nfd7 20. Bf4 Ne5 21. Nca4 Na6 22. Qe2 Nb4 23. Nc3 Qd7 24. Kh2 Qe7 25. Qd2 h6 26. Be3 g5 27. Red1 Qf6 28. f4 gxf4 29. gxf4 Qh4 30. Kg1 Bxh3 31. fxe5 Bxg2 32. Qxg2 Kh8 33. Nd3 Rg8 34. Bf2 Qh5 35. Nf4 Qxe5 36. Bg3 Qc5+ 37. Kh2 a4 38. a3 Bd4 39. axb4 1-0

[Event "FICGS class A 000239 email"]
[Site "FICGS email"]
[Date "2020.10.21"]
[Round "1"]
[White "Tanriover, Taner"]
[Black "Cleto, Dirceu Jr"]
[Result "1/2-1/2"]
[WhiteElo "2154"]
[BlackElo "2104"]
[PlyCount "59"]
[EventDate "2020.??.??"]
[EventType "tourn (corr)"]
[EventRounds "6"]
[SourceTitle "Corr 2022"]
[Source "ChessBase"]
[SourceDate "2021.10.24"]
[SourceVersion "1"]
[SourceVersionDate "2021.10.24"]
[SourceQuality "1"]

1. e4 d6 2. d4 Nf6 3. Nc3 g6 4. f4 Bg7 5. Nf3 c5 6. dxc5 Qa5 7. Qe2 Qxc5 8. Be3 Qa5 9. Qb5+ Qxb5 10. Bxb5+ Nbd7 11. h3 a6 12. Bd3 e6 13. a4 b6 14. Nd2 0-0 15. 0-0-0 Bb7 16. Nc4 d5 17. Nxb6 Nxb6 18. Bxb6 dxe4 19. Be2 Rfc8 20. Rhe1 Bh6 21. g3 e5 22. Be3 Rxc3 23. bxc3 Nd5 24. Kd2 Nxe3 25. Kxe3 exf4+ 26. gxf4 Rc8 27. Rd7 Rxc3+ 28. Kd2 Rc7 29. Rxc7 Bxf4+ 30. Kc3 1/2-1/2

[Event "SA-2020-0-00735"]
[Site "LSS email"]
[Date "2020.09.15"]
[Round "?"]
[White "Hoehne, Volkmar"]
[Black "Cleto, Dirceu Jr"]
[Result "1/2-1/2"]
[WhiteElo "2011"]
[BlackElo "2011"]
[PlyCount "44"]
[EventDate "2020.08.22"]
[EventType "tourn (corr)"]
[EventRounds "6"]
[EventCountry "GER"]
[SourceTitle "Corr 2022"]
[Source "ChessBase"]
[SourceDate "2021.10.24"]
[SourceVersion "1"]
[SourceVersionDate "2021.10.24"]
[SourceQuality "1"]

1. e4 c5 2. Nf3 d6 3. d4 cxd4 4. Nxd4 Nf6 5. Nc3 a6 6. Bg5 e6 7. f4 Be7 8. Qf3 Qc7 9. 0-0-0 Nbd7 10. Bd3 b5 11. Rhe1 Bb7 12. Qg3 b4 13. Nd5 exd5 14. exd5 Kd8 15. Nc6+ Bxc6 16. dxc6 Nc5 17. Bh4 Rg8 18. Bf5 Qxc6 19. Bxh7 Re8 20. Rxe7 Rxe7 21. Qxg7 Nxh7 22. Qxf7 Raa7 1/2-1/2

[Event "SB-2020-0-00600"]
[Site "LSS email"]
[Date "2020.08.15"]
[Round "?"]
[White "Cleto, Dirceu Jr"]
[Black "Kulczycki, Michael"]
[Result "1-0"]
[WhiteElo "1994"]
[BlackElo "1998"]
[PlyCount "69"]
[EventDate "2020.06.15"]
[EventType "tourn (corr)"]
[EventRounds "6"]
[EventCountry "GER"]
[SourceTitle "Corr 2022"]
[Source "ChessBase"]
[SourceDate "2021.10.24"]
[SourceVersion "1"]
[SourceVersionDate "2021.10.24"]
[SourceQuality "1"]

1. e4 c5 2. d4 d6 3. dxc5 a6 4. Nc3 Nf6 5. cxd6 e5 6. Bg5 Bxd6 7. Qd2 Be7 8. Qxd8+ Bxd8 9. Nf3 Nbd7 10. 0-0-0 0-0 11. Bc4 h6 12. Bxf6 Bxf6 13. a4 Nb6 14. Ba2 Bg4 15. a5 Nd7 16. Nd5 Rac8 17. b4 Bxf3 18. gxf3 Bh4 19. Kb2 g6 20. Rd2 Rfe8 21. Rhd1 Kg7 22. Bb3 Nb8 23. Nb6 Rc7 24. c3 h5 25. Na8 Rcc8 26. Ba4 Rf8 27. Nb6 Rc7 28. Nd5 Rcc8 29. Ne3 Rc7 30. Kb3 Re7 31. Rd8 Rxd8 32. Rxd8 Nc6 33. Rc8 Na7 34. Ra8 Bxf2 35. Nd5 1-0

[Event "SB-2020-0-00600"]
[Site "LSS email"]
[Date "2020.08.15"]
[Round "?"]
[White "Plutarco, Fosca"]
[Black "Cleto, Dirceu Jr"]
[Result "1/2-1/2"]
[WhiteElo "1923"]
[BlackElo "1994"]
[PlyCount "28"]
[EventDate "2020.06.15"]
[EventType "tourn (corr)"]
[EventRounds "6"]
[EventCountry "GER"]
[SourceTitle "Corr 2022"]
[Source "ChessBase"]
[SourceDate "2021.10.24"]
[SourceVersion "1"]
[SourceVersionDate "2021.10.24"]
[SourceQuality "1"]

1. d4 Nf6 2. Nf3 e6 3. g3 b5 4. Bg2 Bb7 5. 0-0 c5 6. Na3 a6 7. c4 cxd4 8. Qxd4 Nc6 9. Qe3 b4 10. Nc2 Be7 11. a3 bxa3 12. b3 0-0 13. Bxa3 d6 14. Nfd4 Nxd4 1/2-1/2

[Event "SB-2020-0-00598"]
[Site "LSS email"]
[Date "2020.07.08"]
[Round "?"]
[White "Cleto, Dirceu Jr"]
[Black "Kraujunas, Vladas"]
[Result "1/2-1/2"]
[WhiteElo "1978"]
[BlackElo "1895"]
[PlyCount "55"]
[EventDate "2020.04.28"]
[EventType "tourn (corr)"]
[EventRounds "6"]
[EventCountry "GER"]
[SourceTitle "Corr 2022"]
[Source "ChessBase"]
[SourceDate "2021.10.24"]
[SourceVersion "1"]
[SourceVersionDate "2021.10.24"]
[SourceQuality "1"]

1. d4 d5 2. c4 e6 3. Nc3 Nf6 4. Nf3 Be7 5. Bf4 0-0 6. e3 c6 7. Bd3 Nbd7 8. 0-0 b6 9. Rc1 Bb7 10. cxd5 exd5 11. Qc2 Re8 12. e4 dxe4 13. Nxe4 Nf8 14. Be5 c5 15. dxc5 Bxe4 16. Bxe4 Nxe4 17. Qxe4 bxc5 18. Rfe1 Qb6 19. Bc3 Bg5 20. Qa4 Rxe1+ 21. Rxe1 Bf6 22. Ne5 Rd8 23. Nc4 Qb7 24. Bxf6 gxf6 25. Qc2 Qd5 26. b3 Ne6 27. h3 h5 28. h4 1/2-1/2

[Event "SB-2020-0-00597"]
[Site "LSS email"]
[Date "2020.06.30"]
[Round "?"]
[White "Lipsits, Sasha"]
[Black "Cleto, Dirceu Jr"]
[Result "1/2-1/2"]
[WhiteElo "1820"]
[BlackElo "1955"]
[PlyCount "56"]
[EventDate "2020.04.07"]
[EventType "tourn (corr)"]
[EventRounds "6"]
[EventCountry "GER"]
[SourceTitle "Corr 2022"]
[Source "ChessBase"]
[SourceDate "2021.10.24"]
[SourceVersion "1"]
[SourceVersionDate "2021.10.24"]
[SourceQuality "1"]

1. d4 d5 2. c4 e6 3. Nc3 Nf6 4. Nf3 c6 5. e3 Nbd7 6. Bd3 dxc4 7. Bxc4 b5 8. Bd3 Bb7 9. e4 b4 10. Na4 c5 11. e5 Nd5 12. 0-0 Rc8 13. dxc5 Be7 14. Re1 0-0 15. Bd2 Bc6 16. Bc2 Qc7 17. Qe2 Rfd8 18. a3 Nxc5 19. Nxc5 Bxc5 20. Bg5 Ne7 21. Bxh7+ Kxh7 22. Qc2+ Nf5 23. Qxc5 Rd7 24. Qxb4 Bxf3 25. gxf3 Rd4 26. Rac1 Qd7 27. Qb3 Rd3 28. Rcd1 Rxb3 1/2-1/2

[Event "FICGS rapid A 000255 email"]
[Site "FICGS email"]
[Date "2020.06.09"]
[Round "1"]
[White "Cleto, Dirceu Jr"]
[Black "Kuliy, Oleksandr"]
[Result "1/2-1/2"]
[WhiteElo "2092"]
[BlackElo "2003"]
[PlyCount "47"]
[EventDate "2020.??.??"]
[EventType "tourn (rapid)"]
[EventRounds "6"]
[SourceTitle "Corr 2022"]
[Source "ChessBase"]
[SourceDate "2021.10.24"]
[SourceVersion "1"]
[SourceVersionDate "2021.10.24"]
[SourceQuality "1"]

1. e4 e6 2. d4 d5 3. Nc3 Nf6 4. Bg5 Bb4 5. e5 h6 6. Bd2 Bxc3 7. bxc3 Ne4 8. Qg4 Kf8 9. Bd3 Nxd2 10. Kxd2 c5 11. h4 c4 12. Be2 b5 13. Nh3 Nc6 14. a4 bxa4 15. Rxa4 a5 16. Nf4 Bd7 17. Ra2 a4 18. Nh5 Rg8 19. Qf4 Ne7 20. g4 Rh8 21. Qg3 Kg8 22. f4 Kh7 23. Rg1 Ng6 24. Rh1 1/2-1/2

[Event "FICGS rapid A 000255 email"]
[Site "FICGS email"]
[Date "2020.06.09"]
[Round "1"]
[White "Cleto, Dirceu Jr"]
[Black "Schangareev, Mirzian"]
[Result "1-0"]
[WhiteElo "2092"]
[BlackElo "2000"]
[PlyCount "55"]
[EventDate "2020.??.??"]
[EventType "tourn (rapid)"]
[EventRounds "6"]
[SourceTitle "Corr 2022"]
[Source "ChessBase"]
[SourceDate "2021.10.24"]
[SourceVersion "1"]
[SourceVersionDate "2021.10.24"]
[SourceQuality "1"]

1. d4 d5 2. c4 e6 3. Nc3 Nf6 4. Nf3 Bb4 5. cxd5 exd5 6. Bg5 Nbd7 7. Qc2 c5 8. e3 Qa5 9. Bd3 c4 10. Bf5 0-0 11. 0-0 g6 12. Bxd7 Nxd7 13. e4 Nb6 14. e5 Bf5 15. Qd2 Rfc8 16. a3 Bf8 17. Nh4 Bd3 18. f4 h6 19. f5 hxg5 20. Qxg5 Rc6 21. e6 Bg7 22. Rae1 Bxd4+ 23. Kh1 Rc7 24. exf7+ Rxf7 25. Nxg6 Qc5 26. Ne7+ Kh8 27. Rf3 Qd6 28. Qh4+ 1-0

[Event "FICGS rapid A 000254 email"]
[Site "FICGS email"]
[Date "2020.05.24"]
[Round "1"]
[White "Kuliy, Oleksandr"]
[Black "Cleto, Dirceu Jr"]
[Result "1/2-1/2"]
[WhiteElo "2003"]
[BlackElo "2092"]
[PlyCount "66"]
[EventDate "2020.??.??"]
[EventType "tourn (rapid)"]
[EventRounds "6"]
[SourceTitle "Corr 2022"]
[Source "ChessBase"]
[SourceDate "2021.10.24"]
[SourceVersion "1"]
[SourceVersionDate "2021.10.24"]
[SourceQuality "1"]

1. d4 Nf6 2. c4 e6 3. Nc3 Bb4 4. e3 0-0 5. Bd2 b6 6. Bd3 Bb7 7. Nf3 d5 8. cxd5 exd5 9. 0-0 Bd6 10. Rc1 c5 11. Ne5 Nc6 12. Ng4 Ne8 13. f4 f5 14. Ne5 cxd4 15. Nxc6 Bxc6 16. exd4 Qd7 17. Qb3 Nf6 18. Nb5 Bxb5 19. Bxb5 Qf7 20. Bc6 Rac8 21. Qb5 h6 22. b4 Rc7 23. g3 Rfc8 24. Rc2 g6 25. Qa4 Kg7 26. b5 h5 27. Qb3 h4 28. Re1 a6 29. a4 axb5 30. axb5 Re7 31. Ra2 Rxe1+ 32. Bxe1 Rc7 33. Bf2 Re7 1/2-1/2

[Event "RB-2020-0-00391"]
[Site "LSS email"]
[Date "2020.05.02"]
[Round "?"]
[White "Plutarco, Fosca"]
[Black "Cleto, Dirceu Jr"]
[Result "1/2-1/2"]
[WhiteElo "1851"]
[BlackElo "1827"]
[PlyCount "40"]
[EventDate "2020.02.21"]
[EventType "tourn (corr)"]
[EventRounds "6"]
[EventCountry "GER"]
[SourceTitle "Corr 2022"]
[Source "ChessBase"]
[SourceDate "2021.10.24"]
[SourceVersion "1"]
[SourceVersionDate "2021.10.24"]
[SourceQuality "1"]

1. d4 Nf6 2. Nf3 e6 3. g3 c5 4. dxc5 Bxc5 5. c4 Qb6 6. e3 d5 7. a3 0-0 8. b4 Be7 9. Bb2 a5 10. b5 a4 11. Be2 dxc4 12. Bxc4 Bd7 13. Qe2 Rd8 14. 0-0 Be8 15. Nbd2 Nbd7 16. e4 Nc5 17. Rfc1 h6 18. Nd4 Bf8 19. Rc2 Rd7 20. Rb1 Rdd8 1/2-1/2

[Event "SB-2020-0-00594"]
[Site "LSS email"]
[Date "2020.04.22"]
[Round "?"]
[White "Csernus, Robert"]
[Black "Cleto, Dirceu Jr"]
[Result "1/2-1/2"]
[WhiteElo "1956"]
[BlackElo "1827"]
[PlyCount "42"]
[EventDate "2020.01.28"]
[EventType "tourn (corr)"]
[EventRounds "6"]
[EventCountry "GER"]
[SourceTitle "Corr 2022"]
[Source "ChessBase"]
[SourceDate "2021.10.24"]
[SourceVersion "1"]
[SourceVersionDate "2021.10.24"]
[SourceQuality "1"]

1. c4 Nf6 2. Nc3 d5 3. cxd5 Nxd5 4. g3 Nxc3 5. bxc3 c5 6. Bg2 Nc6 7. Nf3 e5 8. 0-0 Be7 9. d3 0-0 10. Rb1 Rb8 11. Nd2 Qc7 12. Ne4 f5 13. Ng5 Bxg5 14. Bxg5 f4 15. gxf4 h6 16. Bd5+ Kh8 17. e4 Ne7 18. Bxe7 Rxf4 19. Bg5 Rg4+ 20. Kh1 Rxg5 21. Rg1 Rxg1+ 1/2-1/2

[Event "SB-2020-0-00594"]
[Site "LSS email"]
[Date "2020.04.22"]
[Round "?"]
[White "Kazimierski, Tomasz"]
[Black "Cleto, Dirceu Jr"]
[Result "1/2-1/2"]
[WhiteElo "1903"]
[BlackElo "1827"]
[PlyCount "50"]
[EventDate "2020.01.28"]
[EventType "tourn (corr)"]
[EventRounds "6"]
[EventCountry "GER"]
[SourceTitle "Corr 2022"]
[Source "ChessBase"]
[SourceDate "2021.10.24"]
[SourceVersion "1"]
[SourceVersionDate "2021.10.24"]
[SourceQuality "1"]

1. d4 Nf6 2. Nf3 e6 3. c4 b6 4. a3 Bb7 5. Bf4 Nh5 6. Bd2 Be7 7. Nc3 Nf6 8. Bf4 0-0 9. Rc1 Nh5 10. Bd2 d5 11. cxd5 exd5 12. g3 Nd7 13. Bg2 Re8 14. 0-0 c5 15. Qb3 Nhf6 16. Be3 c4 17. Qc2 a6 18. a4 Bb4 19. Nd2 Rc8 20. b3 b5 21. axb5 axb5 22. bxc4 bxc4 23. Ra1 Bxc3 24. Qxc3 Bc6 25. Ra6 h6 1/2-1/2

[Event "FICGS class A 000228 email"]
[Site "FICGS email"]
[Date "2020.04.21"]
[Round "1"]
[White "Cleto, Dirceu Jr"]
[Black "Slawomir, Weglicki"]
[Result "1/2-1/2"]
[WhiteElo "2109"]
[BlackElo "2109"]
[PlyCount "49"]
[EventDate "2020.??.??"]
[EventType "tourn (corr)"]
[EventRounds "6"]
[SourceTitle "Corr 2022"]
[Source "ChessBase"]
[SourceDate "2021.10.24"]
[SourceVersion "1"]
[SourceVersionDate "2021.10.24"]
[SourceQuality "1"]

1. e4 c5 2. d4 cxd4 3. c3 dxc3 4. Nxc3 Nc6 5. Nf3 e6 6. Bc4 a6 7. 0-0 Nge7 8. Bg5 h6 9. Be3 Ng6 10. Bb3 Be7 11. Na4 0-0 12. Nb6 Rb8 13. Qd3 d6 14. Rfd1 Na5 15. Ba4 Nc6 16. g3 e5 17. Nxc8 Qxc8 18. Kg2 Nf4+ 19. Bxf4 exf4 20. Rab1 Qg4 21. Bxc6 bxc6 22. Qxa6 c5 23. Qd3 fxg3 24. hxg3 f5 25. e5 1/2-1/2

[Event "FICGS class A 000228 email"]
[Site "FICGS email"]
[Date "2020.04.21"]
[Round "1"]
[White "Duttagupta, Aniruddha"]
[Black "Cleto, Dirceu Jr"]
[Result "1/2-1/2"]
[WhiteElo "2072"]
[BlackElo "2109"]
[PlyCount "35"]
[EventDate "2020.??.??"]
[EventType "tourn (corr)"]
[EventRounds "6"]
[SourceTitle "Corr 2022"]
[Source "ChessBase"]
[SourceDate "2021.10.24"]
[SourceVersion "1"]
[SourceVersionDate "2021.10.24"]
[SourceQuality "1"]

1. c4 e5 2. Nc3 Nf6 3. Nf3 Nc6 4. e3 Bb4 5. Qc2 0-0 6. Nd5 Re8 7. Qf5 d6 8. Nxf6+ gxf6 9. Qh5 e4 10. a3 exf3 11. gxf3 Re5 12. Rg1+ Rg5 13. Rxg5+ fxg5 14. Bd3 Ba5 15. Qxh7+ Kf8 16. Qh6+ Ke8 17. b4 Bb6 18. Bb2 1/2-1/2

[Event "SB-2020-0-00594"]
[Site "LSS email"]
[Date "2020.04.20"]
[Round "?"]
[White "Cleto, Dirceu Jr"]
[Black "Gazen, Louis"]
[Result "1-0"]
[WhiteElo "1827"]
[BlackElo "1887"]
[PlyCount "61"]
[EventDate "2020.01.28"]
[EventType "tourn (corr)"]
[EventRounds "6"]
[EventCountry "GER"]
[SourceTitle "Corr 2022"]
[Source "ChessBase"]
[SourceDate "2021.10.24"]
[SourceVersion "1"]
[SourceVersionDate "2021.10.24"]
[SourceQuality "1"]

1. e4 e5 2. f4 exf4 3. Nf3 g5 4. Nc3 Bg7 5. d4 d6 6. g3 g4 7. Nh4 f3 8. Be3 Nf6 9. Qd2 d5 10. e5 Ne4 11. Nxe4 dxe4 12. 0-0-0 Nc6 13. Bc4 Ne7 14. h3 gxh3 15. Bg5 h6 16. Qf4 Nd5 17. Bxd8 Nxf4 18. gxf4 Kxd8 19. Rdg1 Bf8 20. Bxf7 f2 21. Rg3 e3 22. Kd1 Be7 23. Ng6 Rh7 24. e6 b6 25. Rxe3 Bb7 26. d5 Ba6 27. Re2 Bc5 28. b4 f1B 29. Rxf1 Bxe2+ 30. Kxe2 Bxb4 31. Rh1 1-0

[Event "RB-2020-0-00391"]
[Site "LSS email"]
[Date "2020.04.09"]
[Round "?"]
[White "Cleto, Dirceu Jr"]
[Black "Kazimierski, Tomasz"]
[Result "1-0"]
[WhiteElo "1827"]
[BlackElo "1898"]
[PlyCount "103"]
[EventDate "2020.02.21"]
[EventType "tourn (corr)"]
[EventRounds "6"]
[EventCountry "GER"]
[SourceTitle "Corr 2022"]
[Source "ChessBase"]
[SourceDate "2021.10.24"]
[SourceVersion "1"]
[SourceVersionDate "2021.10.24"]
[SourceQuality "1"]

1. e4 g6 2. d4 d6 3. Nc3 Bg7 4. f4 Nf6 5. Nf3 0-0 6. Bd3 Nc6 7. e5 dxe5 8. fxe5 Nh5 9. Be2 Bg4 10. Be3 f6 11. exf6 exf6 12. d5 Qe8 13. Qd2 Bxf3 14. gxf3 Rd8 15. 0-0-0 Qf7 16. f4 Ne7 17. Bg4 Nxd5 18. Nxd5 c6 19. Bf3 Kh8 20. Bxa7 Ra8 21. Qf2 cxd5 22. Bxd5 Qc7 23. Bc5 Rfe8 24. Bb6 Qxf4+ 25. Qxf4 Nxf4 26. Bxb7 Rxa2 27. Kb1 Ra4 28. Bc6 Ra6 29. Bxe8 Rxb6 30. Rd8 Bf8 31. Rhd1 Kg7 32. R1d4 Ne2 33. R8d7+ Kh6 34. Rh4+ Kg5 35. Rc4 Kh6 36. Rcc7 Kg5 37. Rxh7 Kf5 38. Bd7+ Kf4 39. Rc4+ Ke3 40. Rh3+ Kf2 41. Bc6 Ke1 42. Rd3 Bh6 43. b4 f5 44. b5 Nf4 45. Rg3 Rb8 46. h4 Ne2 47. Rxg6 Be3 48. h5 f4 49. Re6 Kd2 50. Rd6+ Ke1 51. h6 Rh8 52. Bb7 1-0